Medieval India: (Record no. 23933)

MARC details
000 -LEADER
fixed length control field 03465nam a22003857a 4500
005 - DATE AND TIME OF LATEST TRANSACTION
control field 20090217103252.0
008 - FIXED-LENGTH DATA ELEMENTS--GENERAL INFORMATION
fixed length control field 090217t xxu||||| |||| 00| 0 eng d
010 ## - LCCN (DPL NO)
LC control number B-341202-213
020 ## - INTERNATIONAL STANDARD BOOK NUMBER
International Standard Book Number 9788123752563
Terms of availability 300.00
035 ## - SYSTEM CONTROL NUMBER
System control number B-341202-213
037 ## - SOURCE OF ACQUISITION
Source of stock number/acquisition North India Publishers
040 ## - CATALOGING SOURCE
Original cataloging agency dpl
Language of cataloging English
082 ## - DEWEY DECIMAL CLASSIFICATION NUMBER
Classification number 954.02
100 ## - MAIN ENTRY--PERSONAL NAME
Personal name Irfan Habib
245 ## - TITLE STATEMENT
Title Medieval India:
Statement of responsibility, etc by Irfan Habib
Remainder of title the study of a civilization /
260 ## - PUBLICATION, DISTRIBUTION, ETC. (IMPRINT)
Place of publication, distribution, etc New Delhi
Name of publisher, distributor, etc National Book Trust
Date of publication, distribution, etc 2008
270 ## - ADDRESS
Address A-5, Green Park
City New Delhi
Postal code 110016
300 ## - PHYSICAL DESCRIPTION
Extent ix, 293 p.:
Dimensions 22cm.(Hb)
Other physical details b&w photos
490 ## - SERIES STATEMENT
Series statement Popular Social Science
500 ## - GENERAL NOTE
General note includes bibliographical references and index
942 ## - ADDED ENTRY ELEMENTS (KOHA)
Source of classification or shelving scheme Dewey Decimal Classification
Item type English Books
Classification part 954.02
Call number suffix IRF
Holdings
Withdrawn status Lost status Source of classification or shelving scheme Damaged status Not for loan Collection code Home library Current library Date acquired Source of acquisition Cost, normal purchase price Total Checkouts Full call number Barcode Date last seen Copy number Cost, replacement price Koha item type Total Renewals
    Dewey Decimal Classification     Non-fiction Andrews Gunj Andrews Gunj 04/11/2009 North India Pub./NIP30/09/10.6.09/52/5.6.09/17.6.09 300.00 2 954.02 IRF B-341210 30/06/2025 1 300.00 English Books 1
  Written-off vide DLB M. No. 383 dt 16.05.19 Dewey Decimal Classification     Non-fiction Central Library Central Library 17/02/2009 North India Pub./NIP30/09/10.6.09/52/5.6.09/17.6.09 300.00   954.02 IRF B-341202 17/02/2009 1 300.00 English Books  
    Dewey Decimal Classification     Non-fiction Janak Puri Janak Puri 04/11/2009 North India Pub./NIP30/09/10.6.09/52/5.6.09/17.6.09 300.00 38 954.02 IRF B-341207 03/12/2024 1 300.00 English Books 9
    Dewey Decimal Classification     Non-fiction Karol Bagh Karol Bagh 04/11/2009 North India Pub./NIP30/09/10.6.09/52/5.6.09/17.6.09 300.00   954.02 IRF B-341212 04/11/2009 1 300.00 English Books  
    Dewey Decimal Classification     Non-fiction Mobile Library Mobile Library 04/11/2009 North India Pub./NIP30/09/10.6.09/52/5.6.09/17.6.09 300.00   954.02 IRF B-341203 04/11/2009 2 300.00 English Books  
    Dewey Decimal Classification     Non-fiction Mobile Library Mobile Library 04/11/2009 North India Pub./NIP30/09/10.6.09/52/5.6.09/17.6.09 300.00   954.02 IRF B-341204 04/11/2009 2 300.00 English Books  
    Dewey Decimal Classification     Non-fiction New Police Line New Police Line 04/11/2009 North India Pub./NIP30/09/10.6.09/52/5.6.09/17.6.09 300.00   954.02 IRF B-341205 04/11/2009 1 300.00 English Books  
    Dewey Decimal Classification     Non-fiction Patel Nagar Patel Nagar 04/11/2009 North India Pub./NIP30/09/10.6.09/52/5.6.09/17.6.09 300.00 8 954.02 IRF B-341206 14/09/2022 1 300.00 English Books 4
    Dewey Decimal Classification     Non-fiction R.K.Puram-8 R.K.Puram-8 04/11/2009 North India Pub./NIP30/09/10.6.09/52/5.6.09/17.6.09 300.00 4 954.02 IRF B-341209 09/12/2023 1 300.00 English Books 2
    Dewey Decimal Classification     Non-fiction Sarojini Nagar Sarojini Nagar 04/11/2009 North India Pub./NIP30/09/10.6.09/52/5.6.09/17.6.09 300.00   954.02 IRF B-341208 04/11/2009 1 300.00 English Books  
    Dewey Decimal Classification     Non-fiction Shahdara Branch Shahdara Branch 04/11/2009 North India Pub./NIP30/09/10.6.09/52/5.6.09/17.6.09 300.00 18 954.02 IRF B-341213 16/01/2024 1 300.00 English Books 9
    Dewey Decimal Classification     Non-fiction Vinoba Puri Vinoba Puri 04/11/2009 North India Pub./NIP30/09/10.6.09/52/5.6.09/17.6.09 300.00 19 954.02 IRF B-341211 03/07/2023 1 300.00 English Books 4

© Delhi Public Library
Hit Counter
free hit counter